Study on powder tiller's wheel slip when tillage operation, ការសិក្សាលើភាពទួងតង់គោយន្តពេលដំណើរការភ្ជួរដី (Record no. 4615)

000 -LEADER
fixed length control field 00549nam a22001577a 4500
003 - CONTROL NUMBER IDENTIFIER
control field OSt
005 - DATE AND TIME OF LATEST TRANSACTION
control field 20151216163452.0
008 - FIXED-LENGTH DATA ELEMENTS--GENERAL INFORMATION
fixed length control field 151216b xxu||||| |||| 00| 0 eng d
040 ## - CATALOGING SOURCE
Transcribing agency RUA
082 ## - DEWEY DECIMAL CLASSIFICATION NUMBER
Classification number ATM OT 2001 B192 Or.1
100 ## - MAIN ENTRY--PERSONAL NAME
9 (RLIN) 4966
Personal name OT, CHANDY.
245 ## - TITLE STATEMENT
Title Study on powder tiller's wheel slip when tillage operation, ការសិក្សាលើភាពទួងតង់គោយន្តពេលដំណើរការភ្ជួរដី
260 ## - PUBLICATION, DISTRIBUTION, ETC. (IMPRINT)
Place of publication, distribution, etc. Phnom Penh
Name of publisher, distributor, etc. RUA
Date of publication, distribution, etc. 2001
300 ## - PHYSICAL DESCRIPTION
Extent 44p.
Other physical details ill.
Dimensions 29cm.
942 ## - ADDED ENTRY ELEMENTS (KOHA)
Source of classification or shelving scheme
Koha item type ATM
Holdings
Price effective from Date last seen Permanent Location Not for loan Date acquired Source of classification or shelving scheme Koha item type Lost status Withdrawn status Date last checked out Total Checkouts Shelving location Damaged status Barcode Current Location Full call number
2015-12-162018-01-26Library Block B 2015-12-16 ATM  2018-01-101B192 RUA039229Library Block BATM OT 2001 B192 Or.1
2015-12-162022-07-13Library Block B 2015-12-16 ATM  2022-06-223B192 RUA039192Library Block BATM OT 2001 B192 Or.2
2015-12-172015-12-17Library Block B 2015-12-17 ATM    B192 rua038947Library Block BATM OT 2001 B192 Or.3
មជ្ឈមណ្ឌលឯការនៃសាកលវិទ្យាល័យភូមិន្ទកសិកម្មចំការដូង

Powered by Koha